| 000 | 00826cab a22002415a 4500 | ||
|---|---|---|---|
| 001 | L155057 | ||
| 008 | 120223e20120218xxk 000 0 eng d | ||
| 035 | _a(Sirsi) u155057 | ||
| 041 | 0 | _aeng | |
| 100 | 1 | _aColby, Allyson | |
| 245 | 0 | 2 | _aA legislative maze |
| 260 | _c2012 | ||
| 490 |
_aEstates Gazette _v(1207) 18 February 2012, 80-82(3) |
||
| 520 | _aThree key decisions on squatters applying for title under the Land Registration Act 2002. These cases are; "Baxter v Mannion" [2010] EWHC 573 (Ch) "Zarb v Parry" [2011] EWCA civ 1306 and "Hopkins v Beacon" [2011] EWHC 2899 (Ch). | ||
| 590 | _aKA | ||
| 650 | 2 | 4 | _aBaxter v Mannion |
| 650 | 2 | 4 | _aZarb v Parry |
| 650 | 2 | 4 | _aHopkins v Beacon |
| 651 | 4 |
_aEngland and Wales _y1543- |
|
| 690 |
_aProperty management _96262 |
||
| 700 | 1 | _aWilliams, Peter | |
| 942 | _n0 | ||
| 999 |
_c83798 _d83798 |
||